000 00881nam a2200265 a 4500
003 DO-SdBNP
005 20211111120326.0
008 100817s2001 dr 001 0 spa d
020 _a9993484687
040 _aDO-SdBNP
_bspa
_cBPMSU
082 _a070.442
_bC112m 2001
_222
100 1 _aCaba, Pedro,
_d1945-
245 1 0 _aMemos a Balaguer /
_cPedro Caba ; presentación Ramón Lorenzo Perelló.
260 _aSanto Domingo :
_bTaller,
_c2001.
300 _a2 v. ;
_c23 cm.
500 _aIncluye índice onomástico
505 0 _a632 Reportajes confidenciales al presidente Balaguer 1991-1996.
590 _aInventariado,2021/VM
600 1 4 _a Balaguer, Joaquín,
_d1906-2002
_92
650 1 4 _aGobierno y prensa
_zRepública Dominicana
651 1 4 _aRepública Dominicana
_xCondiciones económicas
700 1 _aPerelló, Ramón Lorenzo
910 _a Vmateo V.
942 _2ddc
_cBK
999 _c13868
_d13868